[Event "SR 3. liga A2 2005/2006"]
[Site "?"]
[Date "2006.??.??"]
[Round "?"]
[White "Pobjecky, Ivan"]
[Black "Sarmir, Milos"]
[Result "0-1"]
[WhiteElo "2025"]
[BlackElo "2135"]
[Annotator " 32.2"]
[PlyCount "58"]
[EventDate "2005.??.??"]

1. e4 e5 2. Nf3 Nc6 3. Bb5 a6 4. Ba4 Nf6 5. Qe2 b5 6. Bb3 d6 7. a4 Bg4 8. c3
Na5 9. Bc2 Qb8 10. axb5 axb5 11. O-O c5 12. h3 Bd7 13. d4 Be7 14. d5 O-O 15. b3
Nxb3 16. Rxa8 Nxc1 17. Rxc1 Qxa8 18. Nbd2 Qa3 19. Qf1 Qxc3 20. Bd3 Qa5 21. Ra1
Qb6 22. Rb1 Rb8 23. Nc4 Qc7 24. Ne3 c4 25. Bc2 Ra8 26. Nf5 Bxf5 27. exf5 Qc5
28. g4 Ra2 29. Qd1 Nxd5 0-1

[Event "SR 3. liga A2 2005/2006"]
[Site "?"]
[Date "2006.??.??"]
[Round "?"]
[White "Cechovic, Stefan"]
[Black "Mihalik, Anton"]
[Result "1-0"]
[WhiteElo "2180"]
[BlackElo "2035"]
[Annotator " 32.3"]
[PlyCount "99"]
[EventDate "2005.??.??"]

1. Nf3 Nf6 2. c4 c5 3. d4 cxd4 4. Nxd4 e6 5. Nc3 a6 6. g3 Nc6 7. Bg2 Be7 8. O-O
O-O 9. b3 Qc7 10. Bb2 d6 11. Rc1 Bd7 12. e3 Rad8 13. Qe2 Rfe8 14. Rfd1 Bf8 15.
Ne4 Nxe4 16. Bxe4 Ne7 17. Qf3 e5 18. Nf5 Nxf5 19. Bxf5 Bxf5 20. Qxf5 g6 21. Qb1
f5 22. Rd5 Qf7 23. Rcd1 f4 24. Bxe5 fxe3 25. fxe3 Re6 26. Bf4 Rde8 27. Qd3 Qf5
28. Qd4 Qf7 29. Qd2 h6 30. h4 Qf6 31. Qd4 Qf7 32. Re1 Qe7 33. Rd1 Bg7 34. Qd3
Qf6 35. Rxd6 Rxd6 36. Qxd6 Qf5 37. Qd3 Qg4 38. Kh2 Kh7 39. Rf1 Re7 40. Rf2 Rd7
41. Qe2 Qf5 42. Qc2 Qg4 43. Qe2 Qf5 44. Bxh6 Qe6 45. Bxg7 Kxg7 46. e4 Re7 47.
Qb2+ Kh7 48. Rf8 Rg7 49. Qd4 g5 50. Qd5 1-0

[Event "SR 3. liga A2 2005/2006"]
[Site "?"]
[Date "2006.??.??"]
[Round "?"]
[White "Stepanovic, Branislav"]
[Black "Vlkovic, Pavol"]
[Result "1-0"]
[WhiteElo "2025"]
[BlackElo "1885"]
[Annotator " 32.4"]
[PlyCount "81"]
[EventDate "2005.??.??"]

1. e4 e6 2. d4 d5 3. Nd2 Nf6 4. e5 Nfd7 5. Bd3 c5 6. c3 Nc6 7. Ne2 Qb6 8. Nf3
cxd4 9. cxd4 Bb4+ 10. Kf1 Be7 11. a3 f6 12. exf6 Nxf6 13. b4 e5 14. dxe5 Ng4
15. Be3 Nxe3+ 16. fxe3 Qxe3 17. Qb3 Bf5 18. Rd1 Be4 19. Bc4 Qxb3 20. Bxb3 O-O-O
21. Ned4 Nxd4 22. Rxd4 Rhf8 23. Ke2 Rf5 24. Rxe4 dxe4 25. Be6+ Kb8 26. Bxf5
exf3+ 27. gxf3 g6 28. Be4 a5 29. bxa5 Bxa3 30. Rb1 Rd7 31. a6 b6 32. Rxb6+ Ka7
33. Rb7+ Rxb7 34. axb7 Bc5 35. f4 Kb8 36. Kf3 Kc7 37. Bd5 h6 38. h3 g5 39. f5
Bd4 40. Ke4 Ba7 41. f6 1-0

[Event "SR 3. liga A2 2005/2006"]
[Site "?"]
[Date "2006.??.??"]
[Round "?"]
[White "Vagovsky, Jozef"]
[Black "Gono, Pavol"]
[Result "1-0"]
[WhiteElo "1835"]
[BlackElo "1995"]
[Annotator " 32.5"]
[PlyCount "139"]
[EventDate "2005.??.??"]

1. d4 c6 2. c4 d5 3. Nc3 Nf6 4. Nf3 dxc4 5. a4 Bf5 6. Ne5 Nbd7 7. Nxc4 e6 8.
Bf4 Nb6 9. e3 Nxc4 10. Bxc4 Qb6 11. Qe2 Bb4 12. O-O O-O 13. Rfc1 $11 Rad8 14.
Bg5 Rd7 15. Bh4 a6 16. f3 Qa5 17. e4 Bg6 18. Bf2 Rfd8 19. Qf1 e5 20. dxe5 Qxe5
21. Bb6 Bc5+ 22. Bxc5 Qxc5+ 23. Kh1 Rd2 24. Nd1 Qg5 25. Be2 Nh5 26. g3 Nf6 27.
Ra3 $4 Qh6 28. Re3 Rxb2 29. Qg1 Ra2 30. Nc3 Rb2 31. Rd1 Rdd2 32. Rxd2 Rxd2 33.
Rd3 Rxd3 34. Bxd3 Nd7 35. Qd4 Nf8 36. Bf1 Qc1 37. Kg2 Qc2+ 38. Ne2 Bh5 39. Kg1
Bxf3 40. Qc3 Qxe4 41. Nf4 Bd1 42. a5 Qc2 43. Qe5 Qb3 44. Bh3 Qb5 45. Qd4 Bf3
46. Qc3 Qb1+ 47. Kf2 Bd5 48. Nh5 Qg6 49. Nf4 Qd6 50. Nh5 f6 51. Nf4 c5 52. Qd2
Kf7 53. Bg2 Ke7 54. Nxd5+ Kd8 55. Qc2 g6 56. Qc3 Nd7 57. Qb3 Kc8 58. Ne3 Qd2+
59. Kf1 Qxa5 60. Bxb7+ Kc7 61. Nd5+ Kd6 62. Nc3 Nb6 63. Ne4+ Ke7 64. Bc6 Qb4
65. Qg8 Qb1+ 66. Kg2 Qb2+ 67. Kh3 Nd7 68. Qg7+ Ke6 69. Qxd7+ Ke5 70. Qd5# 1-0

[Event "SR 3. liga A2 2005/2006"]
[Site "?"]
[Date "2006.??.??"]
[Round "?"]
[White "Curidlo, Jan"]
[Black "Hrusovsky, Jan"]
[Result "1-0"]
[WhiteElo "2070"]
[BlackElo "1730"]
[Annotator " 32.6"]
[PlyCount "73"]
[EventDate "2005.??.??"]

1. e4 e5 2. Nf3 Nc6 3. Bb5 d6 4. h3 a6 5. Ba4 b5 6. Bb3 Na5 7. c3 Nxb3 8. axb3
Nf6 9. d3 Be7 10. Na3 Bb7 11. O-O O-O 12. Nc2 Nh5 13. Ne3 g6 14. c4 b4 15. Nd5
c5 16. Nxe7+ Qxe7 17. Bh6 Ng7 18. Qd2 f5 19. Ng5 Bc8 20. f4 Bd7 21. Rf2 fxe4
22. dxe4 exf4 23. Raf1 Be6 24. Rxf4 Rxf4 25. Rxf4 Kh8 26. Qf2 Nf5 27. exf5 gxf5
28. Qe3 Re8 29. Nxe6 Qxe6 30. Qxe6 Rxe6 31. Bg5 Kg7 32. Rxf5 Kg6 33. Rd5 Re1+
34. Kh2 Re2 35. Bd2 Re6 36. Bf4 Kf7 37. Rxd6 1-0

[Event "SR 3. liga A2 2005/2006"]
[Site "?"]
[Date "2006.??.??"]
[Round "?"]
[White "Cisar, Marian"]
[Black "Bincik, Pavol"]
[Result "1-0"]
[WhiteElo "1655"]
[BlackElo "1805"]
[Annotator " 32.7"]
[PlyCount "81"]
[EventDate "2005.??.??"]

1. e4 c6 2. d4 d5 3. e5 Bf5 4. Nc3 e6 5. Nf3 Nd7 6. Bd3 Bxd3 7. Qxd3 a6 8. O-O
c5 9. Ne2 c4 10. Qe3 Ne7 11. b3 cxb3 12. axb3 g6 13. Qd3 Nc6 14. c4 Nb6 15. Bd2
Bb4 16. c5 Bxd2 17. Qxd2 Nc8 18. Qh6 Qe7 19. Rfb1 Qf8 20. Qd2 N8a7 21. b4 Nb5
22. Nc3 Nca7 23. Rc1 Kd7 24. Qc2 Nxc3 25. Qxc3 Rc8 26. Nd2 Qg7 $11 27. Nb3 Rc7
28. Na5 Rb8 29. Nxb7 Rbxb7 30. Rxa6 Rc6 31. Qa3 Nb5 32. Qa1 Qf8 33. Rxc6 Kxc6
34. Qa6+ Kc7 35. c6 Rb6 36. Qa5 Qb8 37. Rc5 Nxd4 38. b5 Nb3 39. Qa3 Rxb5 40.
Rxb5 Qxb5 41. Qd6+ 1-0

[Event "SR 3. liga A2 2005/2006"]
[Site "?"]
[Date "2006.??.??"]
[Round "?"]
[White "Horak, Ivan"]
[Black "Hecko, Dusan"]
[Result "1-0"]
[WhiteElo "2140"]
[BlackElo "2120"]
[Annotator " 33.1"]
[PlyCount "89"]
[EventDate "2005.??.??"]

1. e4 g6 2. d4 Bg7 3. c4 d6 4. Nc3 Nf6 5. f3 c6 6. Be3 a6 7. Qd2 b5 8. Bd3 Nbd7
9. Nge2 e5 10. d5 cxd5 11. Nxd5 Nxd5 12. cxd5 O-O 13. O-O Nb6 14. Rfc1 Bd7 15.
b3 Nc8 16. Rc2 f5 17. Kh1 f4 18. Bg1 g5 19. Nc1 g4 20. fxg4 Bxg4 21. Bf1 Ne7
22. Nd3 Rc8 23. Rac1 Qd7 24. Bf2 Rxc2 25. Rxc2 f3 26. g3 Bh3 27. Qe1 Bh6 28.
Kg1 Rc8 29. Nb4 Rxc2 30. Nxc2 Qc8 31. Bxh3 Qxh3 32. Qf1 Qg4 33. Qd3 Ng6 34. h3
Qg5 35. Qxf3 Qd2 36. Ne3 Qxa2 37. Nf5 Bf8 38. h4 Qb1+ 39. Kg2 Nh8 40. Qg4+ Kf7
41. Qh5+ Kg8 42. Qg4+ Kf7 43. Ne3 Qxb3 44. Qe6+ Kg7 45. Nf5# 1-0

[Event "SR 3. liga A2 2005/2006"]
[Site "?"]
[Date "2006.??.??"]
[Round "?"]
[White "Diviak, R."]
[Black "Pribila, Michal"]
[Result "1/2-1/2"]
[WhiteElo "1945"]
[BlackElo "2010"]
[Annotator " 33.2"]
[PlyCount "93"]
[EventDate "2005.??.??"]

1. e4 c5 2. Nf3 d6 3. d4 cxd4 4. Nxd4 Nf6 5. Nc3 a6 6. Be2 e5 7. Nb3 Be7 8. O-O
O-O 9. Be3 Be6 10. f4 exf4 11. Bxf4 Nc6 12. Kh1 Ne5 13. Nd4 Qc7 14. Qe1 Ng6 15.
Bg3 b5 16. a3 Rac8 17. Rd1 Rfd8 18. Qf2 Bf8 19. Nf5 Bxf5 20. Qxf5 Re8 21. Rd2
Ne5 22. Bh4 Re6 23. Nd5 Nxd5 24. exd5 Ree8 25. Bg3 g6 26. Qf2 Nc4 27. Bxc4 bxc4
28. c3 Bg7 29. Re2 Rxe2 30. Qxe2 Be5 31. Bh4 f5 32. Bg3 Re8 33. Bf4 Kf7 34. Qf3
Qb7 35. Qh3 h5 36. Qe3 Bxf4 37. Qxf4 Qxd5 38. Qf2 Re7 39. Qb6 Rb7 40. Qf2 Qd3
41. Re1 Re7 42. Rxe7+ Kxe7 43. h3 Ke6 44. Qb6 a5 45. Qb8 f4 46. Qe8+ Kf5 47.
Qf8+ 1/2-1/2

[Event "SR 3. liga A2 2005/2006"]
[Site "?"]
[Date "2006.??.??"]
[Round "?"]
[White "Pribila, Gerhard"]
[Black "Pagerka, Martin"]
[Result "0-1"]
[WhiteElo "1960"]
[BlackElo "1855"]
[Annotator " 33.3"]
[PlyCount "114"]
[EventDate "2005.??.??"]

1. e4 c5 2. Nf3 Nc6 3. d4 cxd4 4. Nxd4 g6 5. Nc3 Bg7 6. Be3 Nf6 7. Bc4 O-O 8.
Bb3 a5 9. O-O a4 10. Nxa4 Nxe4 11. f3 Nf6 12. Nc3 d6 13. Qd2 Bd7 14. a3 Rc8 15.
Rad1 Na5 16. Kh1 Nc4 17. Bxc4 Rxc4 18. Qd3 Rc8 19. Nb3 Be6 20. Rfe1 Nd7 21. Bd4
Ne5 22. Bxe5 Bxe5 23. Nd4 Bc4 24. Qe3 e6 25. f4 Bg7 26. b3 Ba6 27. Nce2 Qc7 28.
c4 e5 29. fxe5 dxe5 30. Nb5 Bxb5 31. cxb5 Qc5 32. Qxc5 Rxc5 33. a4 Rfc8 34. Rd7
R5c7 35. Rxc7 Rxc7 36. Rc1 Rxc1+ 37. Nxc1 e4 38. Kg1 Bd4+ 39. Kf1 Kf8 40. Ne2
Be5 41. g3 Ke7 42. Ke1 Kd6 43. Kd2 Kc5 44. Kc2 f5 45. Nc1 g5 46. Na2 f4 47.
gxf4 gxf4 48. b4+ Kc4 49. b6 f3 50. Kd2 Bxh2 51. a5 Bf4+ 52. Ke1 e3 53. Nc1
Bg3+ 54. Kf1 e2+ 55. Nxe2 fxe2+ 56. Kxe2 Kxb4 57. Kf3 Bd6 0-1

[Event "SR 3. liga A2 2005/2006"]
[Site "?"]
[Date "2006.??.??"]
[Round "?"]
[White "Karlik, L."]
[Black "Vach, Jozef"]
[Result "0-1"]
[WhiteElo "1850"]
[BlackElo "1970"]
[Annotator " 33.4"]
[PlyCount "98"]
[EventDate "2005.??.??"]

1. d4 d5 2. c4 e6 3. Nc3 Nf6 4. cxd5 exd5 5. Bg5 c6 6. e3 Be7 7. Nf3 Bf5 8. Bd3
Bxd3 9. Qxd3 Nbd7 10. O-O O-O 11. Rab1 Re8 12. b4 Rc8 13. Rb3 Nf8 14. Ne5 Ne6
15. Bh4 Nd7 16. Bg3 Nxe5 17. Bxe5 f6 18. Bg3 g6 19. Na4 Bd6 20. Nc5 Bxg3 21.
hxg3 Qe7 22. Rc1 Ng5 23. b5 b6 24. Na6 cxb5 25. Rxc8 Rxc8 26. Qxb5 Qe6 27. Nb4
Rc1+ 28. Kh2 Ne4 29. Rb2 Nc3 30. Qc6 Qxc6 31. Nxc6 Nd1 32. Rd2 Nxf2 33. Rxf2
Rxc6 34. g4 Rc3 35. Rxf6 Rxe3 36. Rd6 Ra3 37. Rxd5 Rxa2 38. g5 Ra3 39. Rd8+ Kf7
40. Rd7+ Ke6 41. Rxh7 Kf5 42. Rf7+ Kxg5 43. d5 $11 a5 44. Rb7 Rb3 45. d6 Kf6
46. g3 Ke6 47. d7 Ke7 48. Kh3 a4 49. Kg4 Rb5 0-1

[Event "SR 3. liga A2 2005/2006"]
[Site "?"]
[Date "2006.??.??"]
[Round "?"]
[White "Jozefovic, Milan"]
[Black "Fedor, Miroslav"]
[Result "1-0"]
[WhiteElo "1775"]
[BlackElo "1795"]
[Annotator " 33.5"]
[PlyCount "125"]
[EventDate "2005.??.??"]

1. e4 c5 2. Bc4 e6 3. Nc3 Nc6 4. Nf3 Be7 5. O-O d6 6. d4 Nf6 7. Bg5 O-O 8. dxc5
dxc5 9. Qe2 a6 10. a4 Qc7 11. Rfd1 Bd7 12. Rd2 Rfd8 13. Rad1 Be8 14. e5 Rxd2
15. Rxd2 Ng4 16. Bf4 Rd8 17. Rxd8 Qxd8 18. h3 Nh6 19. Bxh6 gxh6 20. Bd3 Nb4 21.
Be4 Bc6 22. Qe3 Kg7 23. Kh2 b6 24. Bxc6 Nxc6 25. Ne4 Nd4 26. c3 Nf5 27. Qf4 Nh4
28. Nxh4 Bxh4 29. Qg4+ Kf8 30. f4 Be7 31. Ng3 Ke8 32. Qg8+ Kd7 33. Qxf7 Qf8 34.
Qxf8 Bxf8 35. Ne4 Bg7 36. Kg3 Kc6 37. c4 b5 38. axb5+ axb5 39. b3 bxc4 40. bxc4
Kb6 41. Kf3 Bf8 42. Ke3 Be7 43. g3 h5 44. Nf6 h4 45. g4 h6 46. f5 exf5 47. gxf5
Kc6 48. Nd5 Bg5+ 49. Ke4 Kd7 50. Nb6+ Kc6 51. Nd5 Kd7 52. e6+ Kd6 53. Nc3 Bf6
54. Nb5+ Kc6 55. Na3 Kd6 56. Nc2 Bg5 57. Ne3 h5 58. Nd5 Bh6 59. Nf4 Bg5 60.
Nxh5 Bc1 61. Nf4 Bb2 62. Ng6 Bf6 63. Kf4 1-0

[Event "SR 3. liga A2 2005/2006"]
[Site "?"]
[Date "2006.??.??"]
[Round "?"]
[White "Wurschner, Miroslav"]
[Black "Kocak, Branislav"]
[Result "1-0"]
[WhiteElo "1785"]
[BlackElo "1705"]
[Annotator " 33.6"]
[PlyCount "69"]
[EventDate "2005.??.??"]

1. e4 d5 2. exd5 Qxd5 3. Nc3 Qa5 4. Nf3 c6 5. d4 Bg4 6. Be2 Nf6 7. O-O e6 8. h3
Bxf3 9. Bxf3 Bd6 10. Ne4 Nxe4 11. Bxe4 Nd7 12. c3 Nf6 13. Bd3 h6 14. Bd2 Qc7
15. Re1 g5 16. Qf3 Nd5 17. g3 O-O-O 18. Be4 Rdf8 19. c4 Ne7 20. c5 f5 21. cxd6
Qxd6 22. Bc2 g4 23. Qe2 gxh3 24. Qxe6+ Qxe6 25. Rxe6 h2+ 26. Kxh2 Nd5 27. Rae1
f4 28. g4 f3 29. Bb3 h5 30. g5 Nf4 31. g6 Rhg8 32. Re8+ Rxe8 33. Rxe8+ Rxe8 34.
Bxf4 c5 35. g7 1-0

[Event "SR 3. liga A2 2005/2006"]
[Site "?"]
[Date "2006.??.??"]
[Round "?"]
[White "Zajicek, Ferdinand"]
[Black "Skapik, Branislav"]
[Result "1/2-1/2"]
[WhiteElo "1725"]
[BlackElo "1795"]
[Annotator " 33.7"]
[PlyCount "66"]
[EventDate "2005.??.??"]

1. e4 e6 2. Nf3 b6 3. d4 d5 4. e5 c5 5. c3 cxd4 6. cxd4 Bb4+ 7. Nc3 Bd7 8. Bd2
Nc6 9. a3 Bxc3 10. Bxc3 Nge7 11. Bd3 Ng6 12. g3 Nce7 13. O-O O-O 14. Qe2 Bc8
15. Ng5 Nc6 16. Qh5 h6 17. Nxf7 Rxf7 18. Bxg6 Rc7 19. f4 Ne7 20. g4 Nxg6 21.
Qxg6 Rf7 22. g5 hxg5 23. fxg5 Rf5 24. Rxf5 exf5 25. Qh5 a5 26. g6 Be6 27. Rf1
Qc8 28. Bd2 Qc2 29. Qh7+ Kf8 30. Bh6 Ra7 31. Bc1 Qe4 32. Rf4 Qe1+ 33. Rf1 Qe4
1/2-1/2

[Event "SR 3. liga A2 2005/2006"]
[Site "?"]
[Date "2006.??.??"]
[Round "?"]
[White "Kubis, Ivan"]
[Black "Vach, Pavol"]
[Result "1/2-1/2"]
[WhiteElo "2065"]
[BlackElo "2165"]
[Annotator " 34.1"]
[PlyCount "51"]
[EventDate "2005.??.??"]

1. e4 e5 2. Nf3 Nf6 3. d4 Nxe4 4. Bd3 d5 5. Nxe5 Bd6 6. Nd2 Nf6 7. O-O O-O 8.
f4 c5 9. Ndf3 Nc6 10. Be3 c4 11. Be2 Ne4 12. Nd2 f5 13. c3 Qb6 14. Rf3 Bxe5 15.
dxe5 Qxb2 16. Nxc4 dxc4 17. Bxc4+ Kh8 18. Rh3 h6 19. Rc1 Rd8 20. Rxh6+ gxh6 21.
Qh5 Kg7 22. Qf7+ Kh8 23. Qh5 Kg7 24. Qf7+ Kh8 25. Qh5 Kg7 26. Qf7+ 1/2-1/2

[Event "SR 3. liga A2 2005/2006"]
[Site "?"]
[Date "2006.??.??"]
[Round "?"]
[White "Palka, M."]
[Black "Hrubsa, Vladimir"]
[Result "1-0"]
[WhiteElo "2025"]
[BlackElo "2055"]
[Annotator " 34.2"]
[PlyCount "79"]
[EventDate "2005.??.??"]

1. c4 Nf6 2. g3 c5 3. Nc3 Nc6 4. Bg2 g6 5. e4 Bg7 6. Nge2 O-O 7. O-O d6 8. d3
Bd7 9. Rb1 Qc8 10. Nf4 Ng4 11. Nfd5 Re8 12. Ne3 Nd4 13. Nxg4 Bxg4 14. f3 Bd7
15. Be3 Rb8 16. Qd2 a6 17. b4 b5 18. bxc5 dxc5 19. cxb5 axb5 20. f4 c4 21. dxc4
Qxc4 22. e5 Qxc3 23. Qxd4 Qxd4 24. Bxd4 Rbc8 25. Rbc1 Rxc1 26. Rxc1 Rc8 27.
Rxc8+ Bxc8 28. Bc6 Ba6 29. a3 e6 30. Bc5 f6 31. Bd6 g5 32. fxg5 fxe5 33. Kf2 h6
34. gxh6 Bxh6 35. Kf3 Bc1 36. Ke4 Bb2 37. g4 Kf7 38. h4 Kf6 39. Bxe5+ Bxe5 40.
g5+ 1-0

[Event "SR 3. liga A2 2005/2006"]
[Site "?"]
[Date "2006.??.??"]
[Round "?"]
[White "Vepy, Ivan"]
[Black "Skapikova, Lubica"]
[Result "0-1"]
[WhiteElo "1925"]
[BlackElo "2030"]
[Annotator " 34.3"]
[PlyCount "74"]
[EventDate "2005.??.??"]

1. e4 e5 2. Nf3 Nc6 3. Bc4 Bc5 4. O-O Nf6 5. Nc3 d6 6. h3 O-O 7. d3 Be6 8. Nd5
Bxd5 9. Bxd5 Nxd5 10. exd5 Ne7 11. c4 Nf5 12. Kh2 Qf6 13. Bg5 Qg6 14. Qd2 h6
15. Nh4 Nxh4 16. Bxh4 f5 17. f4 exf4 18. Rxf4 Qh5 19. Bf2 g5 20. Rf3 g4 21. Rg3
Bxf2 22. Qxf2 Kh7 23. Re1 Qh4 24. Qf4 Rf7 25. Re6 Rg8 26. Kg1 Qg5 27. Qf2 h5
28. d4 Qc1+ 29. Kh2 Rg6 30. hxg4 hxg4 31. Rge3 Kg7 32. c5 f4 33. Rxg6+ Kxg6 34.
Re6+ Kg5 35. Qe1 Rh7+ 36. Kg1 Qxb2 37. Qd1 f3 0-1

[Event "SR 3. liga A2 2005/2006"]
[Site "?"]
[Date "2006.??.??"]
[Round "?"]
[White "Fidericky, Milan"]
[Black "Londin, Martin"]
[Result "0-1"]
[WhiteElo "1905"]
[BlackElo "1915"]
[Annotator " 34.4"]
[PlyCount "90"]
[EventDate "2005.??.??"]

1. d4 d5 2. c4 Nf6 3. Nf3 e6 4. Bf4 Bd6 5. e3 Bxf4 6. exf4 c6 7. Nc3 Qa5 8. Qd2
Nbd7 9. Bd3 dxc4 10. Bxc4 Nd5 11. O-O N7f6 12. Rfe1 Nxc3 13. bxc3 Nd5 14. Bxd5
Qxd5 15. Re5 Qd6 16. Rg5 g6 17. Re1 f6 18. Rg3 Kf7 19. Qe3 Bd7 20. h4 h5 21.
Qe4 Rh6 22. Qe3 Qf8 23. Ne5+ fxe5 24. fxe5 Kg7 25. Rf3 Qe7 26. Rf6 Rf8 27. Qf4
Rxf6 28. exf6+ Qxf6 29. Qc7 Qf7 30. Qxb7 Be8 31. Qb8 Rh7 32. Re3 Qe7 33. Rf3
Rh8 34. Qe5+ Kh7 35. Rf6 Bf7 36. f4 Qd7 37. Kh2 Kg8 38. c4 Rh7 39. Qb8+ Kg7 40.
Qe5 Kf8 41. Qc5+ Qe7 42. Qe5 Qd7 43. Qc5+ Ke8 44. a3 Qe7 45. Qxc6+ Kf8 0-1

[Event "SR 3. liga A2 2005/2006"]
[Site "?"]
[Date "2006.??.??"]
[Round "?"]
[White "Pagac, Robert"]
[Black "Zisek, Jaroslav"]
[Result "1/2-1/2"]
[WhiteElo "1805"]
[BlackElo "1940"]
[Annotator " 34.5"]
[PlyCount "59"]
[EventDate "2005.??.??"]

1. e4 c5 2. Nf3 d6 3. d4 cxd4 4. Nxd4 Nf6 5. Nc3 a6 6. Be2 e6 7. O-O Qc7 8. Be3
Nbd7 9. Nf3 b5 10. a3 Bb7 11. Bd3 Rc8 12. Rc1 Be7 13. Re1 Nb6 14. e5 dxe5 15.
Bxb6 Qxb6 16. Nxe5 Bc5 17. Re2 O-O 18. Qd2 Bd4 19. Qf4 Qd6 20. Rd1 Bxe5 21.
Rxe5 Qc6 22. Rg5 Kh8 23. Qh4 g6 24. Qd4 Kg7 25. Be4 Qc7 26. Bxb7 Qxb7 27. Qe5
Rfd8 28. Rd4 Rxd4 29. Qxd4 Rc4 30. Qd3 1/2-1/2

[Event "SR 3. liga A2 2005/2006"]
[Site "?"]
[Date "2006.??.??"]
[Round "?"]
[White "Sebesta, Radovan"]
[Black "Hrubsa, Marian"]
[Result "1/2-1/2"]
[WhiteElo "1845"]
[BlackElo "1725"]
[Annotator " 34.6"]
[PlyCount "72"]
[EventDate "2005.??.??"]

1. e4 e6 2. d4 d5 3. Nd2 Nf6 4. e5 Nfd7 5. Bd3 c5 6. c3 Nc6 7. Ne2 Qb6 8. Nf3
cxd4 9. cxd4 Bb4+ 10. Bd2 a5 11. O-O Qd8 12. a3 Be7 13. Rc1 h6 14. Bb5 Na7 15.
Bd3 b5 16. Nc3 Rb8 17. Qc2 Qb6 18. Be3 Qd8 19. Nxb5 Nxb5 20. Bxb5 Rxb5 21. Qxc8
Rxb2 22. Qa6 O-O 23. a4 Qb6 24. Qxb6 $11 Nxb6 25. Bd2 Nc4 26. Bc3 Ra2 27. Ra1
Rc2 28. Rfc1 Rxc1+ 29. Rxc1 Rb8 30. Nd2 Ba3 31. Rb1 Rxb1+ 32. Nxb1 Bb2 $11 33.
Kf1 Kf8 34. Ke2 Ke7 35. Kd3 Bxc3 36. Nxc3 f6 $11 1/2-1/2

[Event "SR 3. liga A2 2005/2006"]
[Site "?"]
[Date "2006.??.??"]
[Round "?"]
[White "Lesny, Stefan"]
[Black "Ivan, Imrich ml"]
[Result "1/2-1/2"]
[WhiteElo "2095"]
[BlackElo "2015"]
[Annotator " 35.1"]
[PlyCount "116"]
[EventDate "2005.??.??"]

1. e4 e6 2. f4 d5 3. e5 c5 4. Nf3 Nc6 5. c3 Be7 6. d3 Nh6 7. Na3 Nf5 8. Nc2 d4
9. c4 b6 10. Qe2 Bb7 11. g3 O-O 12. Bg2 Qd7 13. Nd2 Nb4 14. Nxb4 Bxg2 15. Qxg2
cxb4 16. Ne4 Rfd8 17. O-O Rac8 18. b3 a5 19. Re1 Bc5 20. Qb2 Qe7 21. Qe2 Ne3
22. Bxe3 dxe3 23. Nxc5 Qxc5 24. Rad1 Rd4 25. Qxe3 Rcd8 26. Kf1 Qc6 27. Kf2 Qd7
28. Ke2 Qc6 29. Rf1 g6 30. Rf3 a4 31. Kf2 axb3 32. axb3 Qc5 33. Kg2 Qa5 34. Qe2
b5 35. Qc2 bxc4 36. bxc4 Qc5 37. Rb1 h5 38. Rb3 Qc6 39. Kf2 Qc5 40. Ke2 Kg7 41.
Qb2 Rb8 42. Rf1 h4 43. Rb1 Rbd8 44. Qc1 hxg3 45. hxg3 f6 46. exf6+ Kxf6 47. Qe3
Qh5+ 48. Kf2 Qh2+ 49. Kf3 Qh5+ 50. Kg2 Qf5 51. Rd1 Rxc4 52. Qe5+ Kf7 53. Qxf5+
gxf5 54. dxc4 Rxd1 55. Rxb4 Rc1 56. Rb7+ Ke8 57. Kh3 Rh1+ 58. Kg2 Rc1 1/2-1/2

[Event "SR 3. liga A2 2005/2006"]
[Site "?"]
[Date "2006.??.??"]
[Round "?"]
[White "Csefalvay, Stefan"]
[Black "Obdrzalkova, Anitta"]
[Result "1-0"]
[WhiteElo "1925"]
[BlackElo "2130"]
[Annotator " 35.2"]
[PlyCount "57"]
[EventDate "2005.??.??"]

1. c4 Nf6 2. Nc3 e6 3. e4 d6 4. d4 Be7 5. Nf3 O-O 6. Bd3 h6 7. O-O c5 8. dxc5
dxc5 9. Qe2 Nc6 10. e5 Nd7 11. Bxh6 f5 12. exf6 Nxf6 13. Bg5 Qe8 14. Nb5 Qh5
15. Bf4 Bd7 16. Nc7 Rad8 17. Nxe6 Bxe6 18. Qxe6+ Kh8 19. Be2 Ng4 20. Bg3 Rf6
21. Qe4 Rff8 22. Rad1 Nf6 23. Qh4 Qxh4 24. Nxh4 Kg8 25. Nf5 g6 26. Nxe7+ Nxe7
27. Bf3 b6 28. Bh4 Nf5 29. Rxd8 1-0

[Event "SR 3. liga A2 2005/2006"]
[Site "?"]
[Date "2006.??.??"]
[Round "?"]
[White "Farkas, Gabor"]
[Black "Vizvari, Ludovit"]
[Result "1-0"]
[WhiteElo "2135"]
[BlackElo "1840"]
[Annotator " 35,3"]
[PlyCount "77"]
[EventDate "2005.??.??"]

1. e4 c5 2. Nf3 e6 3. c3 Nc6 4. d4 d5 5. exd5 exd5 6. Be3 cxd4 7. Nxd4 Nf6 8.
Bd3 Ng4 9. Qe2 Nxe3 10. fxe3 Nxd4 11. exd4+ Qe7 12. O-O Qxe2 13. Bxe2 Bd7 14.
Nd2 Bd6 15. Bf3 Be6 16. c4 Bf4 17. cxd5 Bxd2 18. dxe6 fxe6 19. Rad1 Be3+ 20.
Kh1 O-O-O 21. Rd3 Bxd4 22. Rc1+ Kb8 23. Rb3 b6 24. a4 Rc8 25. Rd1 e5 26. a5 Rc2
27. axb6 axb6 28. Ra3 Kc7 29. Ra7+ Kd6 30. Rxg7 Rxb2 31. Be4 Ra2 32. Bf5 Ra1
33. Rd7+ Kc6 34. R7xd4 exd4 35. Rxa1 b5 36. g4 h6 37. Kg2 Kc5 38. Kf3 Kc4 39.
Rc1+ 1-0

[Event "SR 3. liga A2 2005/2006"]
[Site "?"]
[Date "2006.??.??"]
[Round "?"]
[White "Ivan, Imrich"]
[Black "Petenyi, Tamas"]
[Result "0-1"]
[WhiteElo "1800"]
[BlackElo "2075"]
[Annotator " 35.4"]
[PlyCount "58"]
[EventDate "2005.??.??"]

1. e4 c5 2. Nf3 d6 3. d4 cxd4 4. Nxd4 Nf6 5. Nc3 g6 6. Bg5 Bg7 7. Qd2 O-O 8.
Bh6 Qb6 9. Bxg7 Kxg7 10. O-O-O Nc6 11. f3 Nxd4 12. Qxd4 Qxd4 13. Rxd4 Be6 14.
g4 Rac8 15. h4 Rc5 16. Rh2 Rfc8 17. g5 Nh5 18. Bh3 Bxh3 19. Rxh3 Nf4 20. Rh2 b5
21. Rhd2 a5 22. Nd5 e5 23. Nxf4 exd4 24. Nd3 Rc4 25. b3 Rc3 26. Ne1 h6 27. Rxd4
hxg5 28. hxg5 R8c6 29. a4 Rxb3 0-1

[Event "SR 3. liga A2 2005/2006"]
[Site "?"]
[Date "2006.??.??"]
[Round "?"]
[White "Varga, David"]
[Black "Vegh, Vince"]
[Result "1-0"]
[WhiteElo "2095"]
[BlackElo "1710"]
[Annotator " 35.5"]
[PlyCount "83"]
[EventDate "2005.??.??"]

1. c4 f5 2. Nc3 Nf6 3. d4 e6 4. g3 Be7 5. Bg2 O-O 6. e3 d6 7. Nge2 Qe8 8. b4 a6
9. Qb3 Kh8 10. Bb2 c6 11. a4 d5 12. Nf4 Ne4 13. c5 Bd8 14. f3 Nf6 15. Nd3 Bc7
16. b5 axb5 17. axb5 Rxa1+ 18. Bxa1 b6 19. O-O bxc5 20. Nxc5 cxb5 21. Nxb5 Qe7
22. Bb2 Re8 23. Rc1 Bd6 24. Nxd6 Qxd6 25. Ba3 Nbd7 26. Ne4 Qa6 27. Nd6 Rf8 28.
Bf1 Qa8 29. Nb5 Rd8 30. Rc7 Qa5 31. Bb4 Qb6 32. Qc3 Ba6 33. Rc6 Qb8 34. Rxa6
Nb6 35. Qc6 Nc4 36. Bxc4 dxc4 37. Qxc4 Nd5 38. Bd2 e5 39. Nd6 Qb1+ 40. Qc1 Rb8
41. Qxb1 Rxb1+ 42. Kf2 1-0

[Event "SR 3. liga A2 2005/2006"]
[Site "?"]
[Date "2006.??.??"]
[Round "?"]
[White "Meszaros, Lorant"]
[Black "Janko, Ladislav"]
[Result "1-0"]
[WhiteElo "2110"]
[BlackElo "2140"]
[Annotator " 36.1"]
[PlyCount "83"]
[EventDate "2005.??.??"]

1. d4 g6 2. c4 Bg7 3. g3 d6 4. Bg2 Nc6 5. Nf3 Bg4 6. e3 e5 7. d5 Nce7 8. Qa4+
Bd7 9. Qb3 Rb8 10. Nc3 f5 11. e4 Nf6 12. O-O fxe4 13. Ng5 O-O 14. Ncxe4 Nxe4
15. Nxe4 Nf5 16. Qd3 Nd4 17. f3 b5 18. b3 bxc4 19. bxc4 Qc8 20. Be3 Qa6 21.
Bxd4 exd4 22. g4 Rb2 23. Rf2 Rfb8 24. Rxb2 Rxb2 25. a3 Qa4 26. Ng5 Qc2 27. Qxc2
Rxc2 28. Rb1 d3 29. Rb8+ Bf8 30. Bf1 d2 31. Be2 Kg7 32. Rd8 Ba4 33. Ne6+ Kf7
34. Rxf8+ Ke7 35. Rh8 Rxc4 36. Rxh7+ Kf6 37. Rxc7 Rxc7 38. Nxc7 d1=Q+ 39. Bxd1
Bxd1 40. Kf2 Bb3 41. Ke3 g5 42. f4 1-0

[Event "SR 3. liga A2 2005/2006"]
[Site "?"]
[Date "2006.??.??"]
[Round "?"]
[White "Sulek, Viliam"]
[Black "Varga, Alexander"]
[Result "1/2-1/2"]
[WhiteElo "2165"]
[BlackElo "1890"]
[Annotator " 36.2"]
[PlyCount "48"]
[EventDate "2005.??.??"]

1. e4 e6 2. d4 d5 3. Nd2 c5 4. dxc5 Bxc5 5. Bd3 Nf6 6. Qe2 Nc6 7. c3 O-O 8.
Ngf3 Ng4 9. O-O Nge5 10. Bc2 d4 11. Nxe5 Nxe5 12. cxd4 Bxd4 13. Nb3 Bb6 14. Bf4
Qf6 15. Bg3 Bd7 16. Kh1 a6 17. f4 Ng6 18. e5 Qe7 19. Qg4 Bb5 20. Rfe1 Rac8 21.
Rac1 Rc4 22. Nd2 Rc7 23. Bxg6 hxg6 24. Rxc7 Qxc7 1/2-1/2